Aspectos jurd̕icos y financieros de la inversin̤ empresarial espaǫla en China

Detalles Bibliográficos
Otros Autores: Urquizu Caball,̌ ℓngel, Anguita Morera, Antonia
Formato: Libro
Lenguaje:español
Publicado: Barcelona : J.M. Bosch Editor, 2012
Colección:Bosch fiscalidad
Materias:
Acceso en línea:Acceso restringido

MARC

LEADER 00000nam a2200000 a 4500
005 2012092501191.0
007 cr|||| ||||
008 120531s2012 spc b 000 0 spa c
017 |a DL B. 42875-2011  |b Biblioteca de Catalunya 
020 |a 9788476987797  
035 |a 6688 
040 |a vLex 
080 |a 339.727.22(51) 
090 |c 3471  |d 3471 
245 0 0 |a Aspectos jurd̕icos y financieros de la inversin̤ empresarial espaǫla en China  |h [Recurso electrn̤ico] /  |c director: ℓngel Urquizu Cavall ̌; Antonia Anguita Morera ... [et al.] 
256 |a Servicio en ln̕ea 
260 |a Barcelona :  |b J.M. Bosch Editor,  |c 2012 
300 |a 1 recurso electrn̤ico 
504 |a Bibliografa̕ 
506 1 |a Contenido solo disponible en los productos indicados  |d vLex Global   |d vLex Global (Academic Edition, excluding Law Schools)   |d vLex Global (U.S. Academic Edition, Law Schools)   |d vLex Global (U.S. Academic Edition, excluding Law Schools)   |d vLex Global (Academic Edition, Law Schools)  
650 0 4 |a China  |x Inversiones extrangeras 
650 0 4 |a Inversiones espaǫlas  |z China 
650 0 4 |a Inversiones de capital  |z China 
650 0 4 |a Empresas multinacionales  |z China 
700 1 |a Urquizu Caball,̌ ℓngel 
700 1 |a Anguita Morera, Antonia 
740 0 |a vLex Libros (Servicio en ln̕ea) 
830 0 |a Bosch fiscalidad 
856 4 0 |u http://vlex.com/source/aspectos-juridicos-financieros-inversion-empresarial-espa-ola-china-6688  |z Acceso restringido 
942 |c BOOK 
999 0 |a Investments, Foreign 
999 0 |a Investments, Spanish 
999 0 |a Capital investments